| 000 | 00820nab a2200241u 4500 | ||
|---|---|---|---|
| 001 | 19162 | ||
| 003 | HDC | ||
| 007 | c| |||a|c|aaaa | ||
| 008 | 210226b20070718my ||||o |||| 00| 0 eng d | ||
| 040 | _aHDC | ||
| 100 |
_aSiti Nur Ain Zulkepli / _eauthor _917697 |
||
| 245 | 0 |
_a1901 rebrands its hotdogs and aims for expansion / _cSiti Nur Ain Zulkepli |
|
| 336 |
_atext _2rdacontent |
||
| 337 |
_acomputer _2rdamedia |
||
| 338 |
_aonline resource _2rdacarrier |
||
| 650 |
_aFood For Friendship' _917699 |
||
| 650 |
_aNINETEEN O One Sdn Bhd _917698 |
||
| 710 | _aNew Straits Times | ||
| 856 | _zRequest full-text at [email protected] | ||
| 942 | _2lcc | ||
| 942 | _cNEWS | ||
| 942 | _kNWS0 003503 | ||
| 999 |
_c16478 _d16478 |
||